A tent-making approach for equipping Adventists for witnessing to Muslim in Ilorin, Nigeria / (Record no. 25221)

MARC details
000 -LEADER
fixed length control field 00597nam a22001697a 4500
003 - CONTROL NUMBER IDENTIFIER
control field AUA.1
005 - DATE AND TIME OF LATEST TRANSACTION
control field 20251118124935.0
008 - FIXED-LENGTH DATA ELEMENTS--GENERAL INFORMATION
fixed length control field 250714b |||||||| |||| 00| 0 eng d
040 ## - CATALOGING SOURCE
Transcribing agency JTL
100 ## - MAIN ENTRY--PERSONAL NAME
Personal name Ayeni, Folorunsho Michael
245 ## - TITLE STATEMENT
Title A tent-making approach for equipping Adventists for witnessing to Muslim in Ilorin, Nigeria /
Statement of responsibility, etc Ayeni Folorunsho.
260 ## - PUBLICATION, DISTRIBUTION, ETC. (IMPRINT)
Date of publication, distribution, etc C2025.
300 ## - PHYSICAL DESCRIPTION
Extent ix, 137 leaves :
Other physical details Illustrations :
Dimensions 30cm.
610 ## - SUBJECT ADDED ENTRY--CORPORATE NAME
Corporate name or jurisdiction name as entry element Seventh-day Adventists
Geographic subdivision Ilorin, Kwara State, Nigeria
650 ## - SUBJECT ADDED ENTRY--TOPICAL TERM
Topical term or geographic name as entry element Missions to Muslims
942 ## - ADDED ENTRY ELEMENTS (KOHA)
Source of classification or shelving scheme AUA Inhouse Classification
Koha item type Thesis
Classification part MA Miss
Item part .M53 2025
Holdings
Withdrawn status Lost status Source of classification or shelving scheme Damaged status Not for loan Collection code Home library Current library Shelving location Date acquired Source of acquisition Cost, normal purchase price Serial Enumeration / chronology Total Checkouts Full call number Barcode Date last seen Cost, replacement price Price effective from Koha item type
    Library of Congress Classification     JTL Research Collection Judith Thomas Library Judith Thomas Library Judith Thomas Library Research Section 14/07/2025 Theological Seminary 25.00 AUA27949   MA Miss .M53 2025 AUA27949 14/07/2025 25.00 14/07/2025 Thesis